00923nam a2200229 a 450000100100000000500170001000800410002702000180006804000250008610000440011124500350015526000570019030000280024749000650027549000350034050000730037583000720044883000420052004900090056295201050057199900170067600003407820200930070744.0110914s2006 ag 000 0 spa d a9789505564859 aDO-SdBNPbspacBNPHU1 aPuiggrós, Rodolfo,d1906-1980.93170213aEl perionismo: /csus casas /. aBuenos Aires, Argentina :bEditorial Galerna,c2006. a166 p. :bil. ;c23 cm.1 aHistoria crítica de los partidos políticos Argentinosv51 aBiblioteca popularaDocumentos aIncluye referencias bibliográficas y notas al pie de las páginas 0aHistoria crítica de los partidos políticos Argentinosv5959410 0aBiblioteca popularpDocumentos959411 aBNPD 001050718MOaGRbGRcCTd2011-09-23iLF1l0o p34078-10r2020-06-25w2020-06-25y1ZNo se presta c33569d33569